Statistiques concernant Intercommunalités du Bas-Rhin

Cliquez ici pour prendre le quiz!

Statistiques générales

  • Ce quiz a été pris 13 fois
  • Le résultat moyen est 8 sur 24

Statistiques - réponses

Nombres de CommunesIntercommunalités% Correct
12Communauté de communes de Sélestat
100%
33Eurométropole de Strasbourg
100%
36Communauté d'agglomération de Haguenau
92%
35Communauté de communes du Pays de Saverne
85%
18Communauté de communes de la Région de Molsheim-Mutzig
69%
28Communauté de communes du Canton d'Erstein
46%
06Communauté de communes du Pays de Sainte-Odile
46%
12Communauté de communes du Pays de Wissembourg
46%
45Communauté de communes de l'Alsace Bossue
31%
16Communauté de communes de la Vallée de Villé
23%
20Communauté de communes du Pays de la Zorn
23%
38Communauté de communes de Hanau-La Petite Pierre
15%
26Communauté de communes de la Vallée de la Bruche
15%
20Communauté de communes du Pays de Barr
15%
17Communauté de communes du Pays Rhénan
15%
18 (dont 01 dans le Haut-Rhin)Communauté de communes du Ried de Marckolsheim
15%
24Communauté de communes de la Mossig et du Vignoble
8%
19Communauté de communes de la Plaine du Rhin
8%
13Communauté de communes de l'Outre-Forêt
8%
09Communauté de communes des Portes de Rosheim
8%
23Communauté de communes du Kochersberg
8%
13Communauté de communes du Pays de Niederbronn-les-Bains
8%
07Communauté de communes de la Basse-Zorn
0%
24Communauté de communes Sauer-Pechelbronn
0%

Distribution des résultats

Percentile par nombre de réponses

% des personnes avec chaque résultat

Votre développement - résultats

Vous n’avez pas pris ce quiz